000 00715cam a2200229u 4500
001 2780
003 BD-RjUL
005 20211208233621.0
008 131217s1952 enka 000 0 eng
035 _a(BD-RjUL)
040 _aDLC
_cCarP
_dDLC
_beng
041 _aeng
100 1 _aChubb, Basil. [from old catalog]
_98915
245 1 4 _aThe control of public expenditure /
260 _aOxford,
_bClarendon Press,
_c1952.
300 _avii, 291 p.
_bdiagrs.
_c23 cm.
610 1 0 _aGreat Britain.
_bParliament.
_bHouse of Commons.
_bSelect Committee of Public Accounts. [from old catalog]
_98916
650 0 _aFinance, Public
_zGreat Britain.
_98917
942 _2ddc
_cBK
999 _c2780
_d2780